عرض عادي
عرض مارك
- English language
مدخل مصطلح موضوعي
001 - رقم الضبط
- حقل الضبط: 38736
003 - معرف رقم الضبط
- حقل الضبط: OSt
005 - تاريخ ووقت أخر عملية
- حقل الضبط: 20131031160015.0
008 - عناصر بيانات ثابتة الطول
- حقل تحكم ثابت الطول: 131031|||a|||||| | ||| d
040 ## - مصدر الفهرسة
- هيئة الفهرسة الأصلية: OSt
- وكالة الكتابة: OSt
150 ## - مدخل-- مصطلح تاريخي
- عنصر مدخل المصطلح الموضوعي او الاسم الجغرافي: English language
- تفريع جغرافي: United States
- تفريع عام: Synonyms and antonyms.
670 ## - بيانات المصدر موجوده
- الاستشهاد بالمصدر: Work cat.: (OSt)0: Folse, Keith. 38734, Oxford American dictionary and thesaurus., c2009.
